disney - Statistiques

Statistiques générales
  • Ce quiz a été pris 114 fois
  • Le résultat moyen est 8 sur 15
Statistiques - réponses
Hint Réponse % Correct
4 Cendrillon
84%
10 la reine des neiges
76%
15 Raiponce
73%
9 Le Roi lion
66%
12 Aladdin
63%
14 Mulan
63%
7 La Belle au bois dormant
60%
13 La Petite Sirène
60%
5 Peter Pan
46%
3 Bambi
43%
6 La Belle et le Clochard
38%
2 Pinocchio
38%
1 Blanche-Neige et les Sept Nains
34%
8 Les Aristochats
34%
11 la belle est la bête
0%
Aucun quiz correspondant
Distribution des résultats
% des personnes avec chaque résultat
Percentile par nombre de réponses
Votre historique - résultats
Vous n’avez pas pris ce quiz